000 01136cas a22003257a 4500
005 20220329142040.0
008 990426d1969 it ur pernn 0 uub1ita d
010 _a77602
011 _a78574
035 _a88576
245 0 0 _aAnnali dell'Istituto Sperimentale per le Colture Industriali
_c/per Instituto Sperimentale per le Colture Industriali
260 0 _aBologna, Italia :
_bIstituto Sperimentale per le Colture Industriali,
_c1969-
300 _av.
310 _aIrregular
362 _av.8 n.2, 1976
500 _aContiene resúmenes en inglés
500 _aSe dejo de recibir a partir del v.8 n.2, 1976
590 _aBATCH-UPD
_b10
_c20130110
_lUCH01
_h0506
590 _aBATCH-UPD
_b10
_c20130410
_lUCH01
_h0144
590 _aBATCH-UPD
_b10
_c20130914
_lUCH01
_h1121
590 _aCONVERSION
_b10
_c20130109
_lUCH01
_h1343
650 1 4 _aCultivos
_xPublicaciones periódicas.
_930313
866 _an.1-2 (1970)
866 _an.4-5 (1972-1973)
866 _av.6 n.1-2 (1974)
866 _av.7 n.1 (1975)
866 _av.8 n.1-2 (1976)
901 _aSE
905 _aMa. del Socorro Iturbe C.
999 _c77602
_d77602